<?xml version="1.0" encoding="UTF-8"?>
<record
    xmlns:xsi="http://www.w3.org/2001/XMLSchema-instance"
    xsi:schemaLocation="http://www.loc.gov/MARC21/slim http://www.loc.gov/standards/marcxml/schema/MARC21slim.xsd"
    xmlns="http://www.loc.gov/MARC21/slim">

  <leader>02923njm a2200517Ia 4500</leader>
  <controlfield tag="001">20752</controlfield>
  <controlfield tag="003">IT-RoPAU</controlfield>
  <controlfield tag="005">20220918181119.0</controlfield>
  <controlfield tag="008">131025s9999    xx            000 0 und d</controlfield>
  <datafield tag="040" ind1=" " ind2=" ">
    <subfield code="a">IT-RoPAU</subfield>
  </datafield>
  <datafield tag="040" ind1=" " ind2=" ">
    <subfield code="c">IT-RoPAU</subfield>
  </datafield>
  <datafield tag="041" ind1=" " ind2=" ">
    <subfield code="a">ITALIANO</subfield>
  </datafield>
  <datafield tag="999" ind1=" " ind2=" ">
    <subfield code="c">99618</subfield>
    <subfield code="d">99618</subfield>
  </datafield>
  <datafield tag="999" ind1=" " ind2=" ">
    <subfield code="b">n.d.</subfield>
  </datafield>
  <datafield tag="100" ind1=" " ind2=" ">
    <subfield code="a">AA.VV.</subfield>
    <subfield code="9">794</subfield>
  </datafield>
  <datafield tag="100" ind1=" " ind2=" ">
    <subfield code="e">Autore musica</subfield>
    <subfield code="9">2880</subfield>
  </datafield>
  <datafield tag="100" ind1=" " ind2=" ">
    <subfield code="g">Codice autore musica SPICS: 12000</subfield>
    <subfield code="9">796</subfield>
  </datafield>
  <datafield tag="245" ind1=" " ind2=" ">
    <subfield code="a">Signorinella (disco)</subfield>
  </datafield>
  <datafield tag="250" ind1=" " ind2=" ">
    <subfield code="a">2a ed.</subfield>
  </datafield>
  <datafield tag="260" ind1=" " ind2=" ">
    <subfield code="a">MILANO</subfield>
  </datafield>
  <datafield tag="260" ind1=" " ind2=" ">
    <subfield code="b">FRATELLI FABBRI EDITORI</subfield>
    <subfield code="c">1982 [1a Ed.:1970]</subfield>
  </datafield>
  <datafield tag="300" ind1=" " ind2=" ">
    <subfield code="a">DISCO</subfield>
  </datafield>
  <datafield tag="300" ind1=" " ind2=" ">
    <subfield code="c">24 minuti (Testo:  pag.)</subfield>
  </datafield>
  <datafield tag="500" ind1=" " ind2=" ">
    <subfield code="a">Canzone italiana. Neve, ricordi, addio, bimba, amore come il sole, matrimonio, pap&#xE0; aspetta la figlia, luna, ricordo del paese lontano, amore, infelicit&#xE0;.</subfield>
  </datafield>
  <datafield tag="505" ind1=" " ind2=" ">
    <subfield code="a">Signorinella [(Bovio/Valente-A.Togliani) (3:00)] - Capinera [(Bracchi/D'Anzi-G.Baldi) (4:00)] - Non dimenticar le mie parole [(Emilio Livi-Trio Lescano) (4:00)] - Fili d'oro [(Capurro/Buongiovanni-Villa) (3:00)] - Torna, piccina [(Bixio-Villa) (4:00)] - Madonna bruna [(Mendes/Mascheroni-D.Serra) (3:00)] - Cantando all'italiana [(Rossi/Morbelli-O.Carboni) (3:00)] - Cara piccina [(Bovio/Lama-F.Albanese) (3:00)]</subfield>
  </datafield>
  <datafield tag="511" ind1=" " ind2=" ">
    <subfield code="a">Togliani Achille</subfield>
  </datafield>
  <datafield tag="511" ind1=" " ind2=" ">
    <subfield code="a">Baldi Gino</subfield>
  </datafield>
  <datafield tag="511" ind1=" " ind2=" ">
    <subfield code="a">Trio Lescano (Il)</subfield>
  </datafield>
  <datafield tag="511" ind1=" " ind2=" ">
    <subfield code="a">Villa Claudio</subfield>
  </datafield>
  <datafield tag="511" ind1=" " ind2=" ">
    <subfield code="a">Serra Daniele</subfield>
  </datafield>
  <datafield tag="511" ind1=" " ind2=" ">
    <subfield code="a">Carboni Oscar</subfield>
  </datafield>
  <datafield tag="511" ind1=" " ind2=" ">
    <subfield code="a">Albanese Francesco</subfield>
  </datafield>
  <datafield tag="650" ind1=" " ind2=" ">
    <subfield code="a">CANZONE ITALIAN [DISCHI]</subfield>
    <subfield code="e">Codice MATERIA SPICS: 9950</subfield>
    <subfield code="9">2881</subfield>
  </datafield>
  <datafield tag="700" ind1=" " ind2=" ">
    <subfield code="a">Valente Nicola</subfield>
    <subfield code="d">Codice autore musica SPICS: 13463</subfield>
    <subfield code="e">Autore musica</subfield>
    <subfield code="p">Signorinella</subfield>
    <subfield code="9">2882</subfield>
  </datafield>
  <datafield tag="700" ind1=" " ind2=" ">
    <subfield code="a">Bovio Libero</subfield>
    <subfield code="d">Codice autore testo/musica SPICS: 13462</subfield>
    <subfield code="e">Autore testo/musica</subfield>
    <subfield code="p">Signorinella - Cara piccina</subfield>
    <subfield code="9">2883</subfield>
  </datafield>
  <datafield tag="700" ind1=" " ind2=" ">
    <subfield code="a">D'Anzi Giovanni</subfield>
    <subfield code="d">Codice autore musica SPICS: 13458</subfield>
    <subfield code="e">Autore musica</subfield>
    <subfield code="p">Capinera - Non dimenticar le mie parole</subfield>
    <subfield code="9">2884</subfield>
  </datafield>
  <datafield tag="700" ind1=" " ind2=" ">
    <subfield code="a">Bracchi Alfredo</subfield>
    <subfield code="d">Codice autore testo/musica SPICS: 13448</subfield>
    <subfield code="e">Autore testo/musica</subfield>
    <subfield code="p">Capinera - Non dimenticar le mie parole</subfield>
    <subfield code="9">2885</subfield>
  </datafield>
  <datafield tag="700" ind1=" " ind2=" ">
    <subfield code="a">Buongiovanni Francesco</subfield>
    <subfield code="d">Codice autore musica SPICS: 13465</subfield>
    <subfield code="e">Autore musica</subfield>
    <subfield code="p">Fili d'oro</subfield>
    <subfield code="9">2886</subfield>
  </datafield>
  <datafield tag="700" ind1=" " ind2=" ">
    <subfield code="a">Capurro Giovanni</subfield>
    <subfield code="d">Codice autore testo/musica SPICS: 13137</subfield>
    <subfield code="e">Autore testo/musica</subfield>
    <subfield code="p">Fili d'oro</subfield>
    <subfield code="9">2887</subfield>
  </datafield>
  <datafield tag="700" ind1=" " ind2=" ">
    <subfield code="a">Bixio Cesare Andrea</subfield>
    <subfield code="d">Codice autore testo/musica SPICS: 13441</subfield>
    <subfield code="e">Autore testo/musica</subfield>
    <subfield code="p">Torna, piccina</subfield>
    <subfield code="9">2888</subfield>
  </datafield>
  <datafield tag="700" ind1=" " ind2=" ">
    <subfield code="a">Mascheroni Vittorio</subfield>
    <subfield code="d">Codice autore musica SPICS: 13134</subfield>
    <subfield code="e">Autore musica</subfield>
    <subfield code="p">Madonna bruna</subfield>
    <subfield code="9">2889</subfield>
  </datafield>
  <datafield tag="700" ind1=" " ind2=" ">
    <subfield code="a">Mendes Peppino</subfield>
    <subfield code="d">Codice autore testo/musica SPICS: 13135</subfield>
    <subfield code="e">Autore testo/musica</subfield>
    <subfield code="p">Madonna bruna</subfield>
    <subfield code="9">2890</subfield>
  </datafield>
  <datafield tag="700" ind1=" " ind2=" ">
    <subfield code="a">Rossi Carlo Alberto (Cicero)</subfield>
    <subfield code="d">Codice autore testo/musica SPICS: 13130</subfield>
    <subfield code="e">Autore testo/musica</subfield>
    <subfield code="p">Cantando all'italiana</subfield>
    <subfield code="9">2891</subfield>
  </datafield>
  <datafield tag="700" ind1=" " ind2=" ">
    <subfield code="a">Morbelli Riccardo</subfield>
    <subfield code="d">Codice autore musica SPICS: 13446</subfield>
    <subfield code="e">Autore musica</subfield>
    <subfield code="p">Cantando all'italiana</subfield>
    <subfield code="9">2892</subfield>
  </datafield>
  <datafield tag="700" ind1=" " ind2=" ">
    <subfield code="a">Lama Gaetano</subfield>
    <subfield code="d">Codice autore musica SPICS: 13468</subfield>
    <subfield code="e">Autore musica</subfield>
    <subfield code="p">Cara piccina</subfield>
    <subfield code="9">2893</subfield>
  </datafield>
  <datafield tag="942" ind1=" " ind2=" ">
    <subfield code="c">MD</subfield>
    <subfield code="2">ddc</subfield>
  </datafield>
  <datafield tag="952" ind1=" " ind2=" ">
    <subfield code="0">0</subfield>
    <subfield code="1">0</subfield>
    <subfield code="4">0</subfield>
    <subfield code="6">20752_000000000000000</subfield>
    <subfield code="7">1</subfield>
    <subfield code="a">SPICS</subfield>
    <subfield code="b">SPICS</subfield>
    <subfield code="d">2013-10-25</subfield>
    <subfield code="l">0</subfield>
    <subfield code="o">20752</subfield>
    <subfield code="r">2013-10-25 00:00:00</subfield>
    <subfield code="w">2013-10-25</subfield>
    <subfield code="y">MD</subfield>
    <subfield code="z">Progr. Ins.: 4055 / N.Vol.: 1 / Copie: 2 - Copia rara: n.d. / date import: 01.01.2014 - By Epidotti, Trombetti, Vaglietti</subfield>
  </datafield>
</record>
